| 000 | 00660nam a22002417a 4500 | ||
|---|---|---|---|
| 001 | BR8802509 | ||
| 003 | BR-BrBNA | ||
| 005 | 20230928092911.0 | ||
| 007 | ta | ||
| 008 | 230509b bl.||||| |||| 00| 0 por d | ||
| 040 |
_aBR-BrBNA _bpor _cBiblioteca Nacional de Agricultura |
||
| 041 | _a(Por) | ||
| 072 | _aH50 | ||
| 090 | _ H50 BR8802509 | ||
| 110 | 1 |
_aICI Brasil S.A., Sao Paulo, SP (Brasil). Divisao Agricola _95545 |
|
| 245 | 1 | _aGuia fitossanitario. Departamento Tecnico | |
| 260 | 3 |
_aSao Paulo, SP (Brasil): _c1985. |
|
| 300 | _a46 p. | ||
| 650 | _aAGROTOXICO | ||
| 650 | _aFITOTOXICIDADE | ||
| 909 |
_a202309 _bLucia _c55 _dLucia Elande |
||
| 942 | _cBK | ||
| 999 |
_c41867 _d41867 |
||